| 000 | 00834nam a22001577a 4500 | ||
|---|---|---|---|
| 003 | OSt | ||
| 005 | 20151006104702.0 | ||
| 008 | 151006b xxu||||| |||| 00| 0 eng d | ||
| 040 | _cRUA | ||
| 082 | _aAVM SE 2005 B075 Or.1 | ||
| 100 |
_92129 _aSE, SIEKMONG. |
||
| 245 | _aEnsiled cassava lea ves utilization as supplement for local and crossbred cattle in kampong cham and kampong speu province (ការប្រើប្រាស់ស្លឺកដំឡូងមីផ្អាប់ជាអាហារបន្ថែមសំរាប់ពូជគោក្នុងស្រុកនិងពូជគោកូនកាត់នៅខេត្តកំពង់ចាមនិងខេត្តកំពង់ស្ពឺ) | ||
| 260 |
_aPhnom Penh _bRUA _c2005 |
||
| 300 |
_avii, 37p. _bill. _c29cm. |
||
| 942 |
_2ddc _cAVM |
||
| 999 |
_c2002 _d2002 |
||